000 00685nam a2200217 i 4500
001 bg
245 0 0 _aInformator dla kandydatów na studia /
_cPolitechnika Koszalińska. Wydział Mechaniczny.
260 _aKoszalin :
_bWydaw. Uczelniane PK,
_c1999.
300 _a32, [4] s. :
_b1 rys. ;
_c21 cm.
650 9 _aTechnika
_xszkolnictwo wyższe
_zPolska
651 9 _aKoszalin
_xPolitechnika Koszalińska
655 _aInformatory
710 0 _aPolitechnika Koszalińska (Koszalin)
_bWydział Mechaniczny
020 _a8387424781
040 _cBPK
041 0 _apl
080 _a378.662(438)
920 _a83-87424-78-1
942 _cKS
008 s pl f |000 0 pol
999 _c34003
_d34003
856 _uhttp://koha.tu.koszalin.pl/cgi-bin/koha/opac-detail.pl?biblionumber=34003
_yKatalog online BPK